| Tag |
First Indicator |
Second Indicator |
Subfields |
| LEADER |
00000pam a2200000 a 4500 |
| 001 |
in00000088491 |
| 005 |
20151008065103.0 |
| 008 |
810825s1982 enka b 00000 eng |
| 010 |
|
|
|a 81038503
|
| 020 |
|
|
|a 0521245036
|
| 035 |
|
|
|a (OCoLC)07775304
|
| 035 |
|
|
|9 AAK5330AM
|
| 039 |
0 |
|
|a 2
|b 3
|c 3
|d 3
|e 3
|
| 040 |
|
|
|a DLC
|c DLC
|d TXA
|d UtOrBLW
|
| 049 |
|
|
|a TXAM
|c [1561109]
|
| 050 |
0 |
0 |
|a QA76.6
|b .F85
|
| 082 |
0 |
|
|a 001.64/2
|2 19
|
| 245 |
0 |
0 |
|a Functional programming and its applications :
|b an advanced course /
|c edited by J. Darlington, P. Henderson, D.A. Turner.
|
| 264 |
|
1 |
|a Cambridge ;
|a New York :
|b Cambridge University Press,
|c 1982.
|
| 300 |
|
|
|a 306 pages :
|b illustrations ;
|c 24 cm.
|
| 336 |
|
|
|a text
|b txt
|2 rdacontent
|
| 337 |
|
|
|a unmediated
|b n
|2 rdamedia
|
| 338 |
|
|
|a volume
|b nc
|2 rdacarrier
|
| 504 |
|
|
|a Includes bibliographies.
|
| 650 |
|
0 |
|a Computer programming.
|
| 700 |
1 |
|
|a Darlington, J.
|
| 700 |
1 |
|
|a Henderson, Peter,
|d 1944-
|
| 700 |
1 |
|
|a Turner, D. A.
|
| 999 |
|
|
|a MARS
|
| 999 |
f |
f |
|s 66ef9280-8561-3e14-9e98-c321ea49e82d
|i d5e0a19c-79ad-332b-81ce-ef26f4f41b4c
|t 0
|
| 952 |
f |
f |
|p ric
|a Texas A&M University
|b Rellis Campus
|c Joint Library Facility
|d Remote Storage
|t 0
|e QA76.6 .F85
|h Library of Congress classification
|i unmediated -- volume
|m A14806201708
|
| 998 |
f |
f |
|a QA76.6 .F85
|t 0
|l Remote Storage
|